Business law with ucc applications / (Record no. 343668)

000 -LEADER
fixed length control field 00982 a2200217 4500
020 ## - INTERNATIONAL STANDARD BOOK NUMBER
International Standard Book Number 0028028651
020 ## - INTERNATIONAL STANDARD BOOK NUMBER
International Standard Book Number 9780028028651
082 04 - DEWEY DECIMAL CLASSIFICATION NUMBER
Classification number 346
090 ## - LOCALLY ASSIGNED LC-TYPE CALL NUMBER (OCLC); LOCAL CALL NUMBER (RLIN)
-- 1138
-- 1138
100 1# - MAIN ENTRY--PERSONAL NAME
Personal name Brown, Gordon W.
245 10 - TITLE STATEMENT
Title Business law with ucc applications /
Statement of responsibility, etc. Gordon W. Brown.
250 ## - EDITION STATEMENT
Edition statement 9th ed.
260 ## - PUBLICATION, DISTRIBUTION, ETC.
Place of publication, distribution, etc. [S.l.] :
Name of publisher, distributor, etc. McGraw-Hill/Irwin,
Date of publication, distribution, etc. 1996.
300 ## - PHYSICAL DESCRIPTION
Extent 800 p. ;
Dimensions 27 cm.
500 ## - GENERAL NOTE
General note Hardcover.
520 ## - SUMMARY, ETC.
Summary, etc. The new edition of this well-received text includes the same format and cogent writing style as the previous edition but with updated information to reflect the many recent changes in the legal field. A comprehensive package of materials is also available to meet the needs of instructors and students.
700 1# - ADDED ENTRY--PERSONAL NAME
Personal name Sukys, Paul A.
856 40 - ELECTRONIC LOCATION AND ACCESS
Materials specified Amazon.com
Uniform Resource Identifier <a href="http://www.amazon.com/exec/obidos/ASIN/0028028651/chopaconline-20">http://www.amazon.com/exec/obidos/ASIN/0028028651/chopaconline-20</a>
856 40 - ELECTRONIC LOCATION AND ACCESS
Materials specified Amazon customer reviews
Uniform Resource Identifier <a href="http://www.chopac.org/cgi-bin/tools/azrev.pl?q=0028028651">http://www.chopac.org/cgi-bin/tools/azrev.pl?q=0028028651</a>
942 ## - ADDED ENTRY ELEMENTS (KOHA)
Institution code [OBSOLETE] NBS
Koha item type Book
Call number prefix 346.7307 BRO
Holdings
Withdrawn status Lost status Damaged status Not for loan Permanent Location Current Location Date acquired Total Checkouts Full call number Barcode Date last seen Date last checked out Price effective from Koha item type
        NUST Law School (NLS) NUST Law School (NLS) 08/28/2013 2 346.7307 BRO NBS5320 06/28/2018 06/05/2018 08/28/2013 Book
© 2023 Central Library, National University of Sciences and Technology. All Rights Reserved.